[Event "06.OIBayEM Bad Wiessee op"]
[Site "?"]
[Date "2002.10.30"]
[Round "5"]
[White "Korobov Anton"]
[Black "Liepold Stefan"]
[Result "1-0"]
[WhiteElo "2503"]
[BlackElo "2258"]
[PlyCount "95"]
[EventDate "2002.??.??"]
[Source "www.chesslib.no"]
[SourceDate "2004.05.04"]

1. d4 Nf6 2. c4 g6 3. d5 Bg7 4. Nc3 O-O 5. Nf3 d6 6. g3 e6 7. Bg2 exd5 8. cxd5 Na6 9. O-O Nc5 10. Be3 Re8 11. Bd4 a5 12. Bxc5 dxc5 13. Nd2 Bg4 14. h3 Bd7 15. a4 c6 16. e4 Rb8 17. Nc4 Bf8 18. Re1 cxd5 19. exd5 Rxe1+ 20. Qxe1 Ne8 21. Ne4 f5 22. Ned2 Nd6 23. Nxd6 Bxd6 24. Nc4 Bf8 25. d6 b6 26. Bd5+ Kg7 27. Be6 Bxe6 28. Qxe6 Qf6 29. Qd5 Qf7 30. Rd1 Rd8 31. Qd3 Qf6 32. d7 Be7 33. Qd5 f4 34. g4 Qf7 35. Nxb6 Bf6 36. b3 Bd4 37. Qxf7+ Kxf7 38. Kg2 Ke6 39. Re1+ Kd6 40. Re8 Bf6 41. Kf3 Bg5 42. Ke4 Kc7 43. Rxd8 Bxd8 44. Nd5+ Kxd7 45. Nxf4 Kd6 46. Nd3 Bf6 47. f4 Bc3 48. Ne5 1-0

[Event "Prague Bohemians"]
[Site "Prague CZE"]
[Date "1980.??.??"]
[Round "5"]
[White "Meduna, Eduard"]
[Black "Modr, Bretislav"]
[Result "1-0"]
[WhiteElo "2405"]
[BlackElo "2350"]
[PlyCount "83"]
[EventDate "1979.??.??"]
[Source "www.chesslib.no"]
[SourceDate "2004.05.04"]

1. d4 Nf6 2. c4 g6 3. d5 c6 4. Nc3 cxd5 5. cxd5 Bg7 6. e4 d6 7. Nf3 O-O 8. Be2 a6 9. a4 Nbd7 10. Qc2 a5 11. O-O Nc5 12. Be3 Na6 13. Nd2 Nd7 14. Rfc1 Ndc5 15. Bxa6 Nxa6 16. Nc4 Nb4 17. Qb3 Ra6 18. Nb5 e6 19. Nxa5 Nxd5 20. exd5 Qxa5 21. Nc7 exd5 22. Nxa6 d4 23. Rxc8 Rxc8 24. Qxb7 Re8 25. Qc6 Qe5 26. Nc7 Re7 27. Bd2 Qe2 28. Qa8+ Bf8 29. Nd5 Re5 30. Ba5 d3 31. Rf1 d2 32. Bxd2 Qxd2 33. Nf6+ Kg7 34. Nd7 Be7 35. Nxe5 dxe5 36. a5 Qxb2 37. Qd5 Qc3 38. a6 Bc5 39. g3 Bd4 40. Kg2 h5 41. Rd1 Ba7 42. Rd3 1-0

[Event "Ch Poland (juniors) (under 20)"]
[Site "Sroda (Poland)"]
[Date "2008.01.27"]
[Round "1"]
[White "Szwed Jacek (POL)"]
[Black "Tomczak Jacek (POL)"]
[Result "1-0"]
[WhiteElo "2312"]
[BlackElo "2433"]
[PlyCount "83"]
[EventDate "2008.??.??"]
[Source "www.chesslib.no"]
[SourceDate "2004.05.04"]

1. d4 Nf6 2. c4 g6 3. d5 c6 4. Nc3 cxd5 5. cxd5 Qa5 6. g3 d6 7. Bg2 b5 8. Be3 b4 9. Ne4 Nxe4 10. Bxe4 Bg7 11. Bd4 b3+ 12. Kf1 Bxd4 13. Qxd4 O-O 14. Kg2 Na6 15. h4 bxa2 16. h5 Qb4 17. Nf3 f5 18. Bd3 Qxd4 19. Nxd4 Nb4 20. hxg6 hxg6 21. Bb5 Bb7 22. Bc6 Rab8 23. Rh6 e5 24. Ne6 Nxc6 25. Rxg6+ Kf7 26. Rg7+ Kf6 27. Rxb7 Nb4 28. Rxb4 Rxb4 29. Nxf8 Rxb2 30. e3 Ke7 31. Ne6 Rd2 32. Nc7 Rb2 33. g4 fxg4 34. Kg3 a6 35. Ne6 Kf6 36. Nd8 Kf5 37. Nf7 Ke4 38. Rd1 Kf5 39. Nxd6+ Kg6 40. Ra1 Kf6 41. Kxg4 Ke7 42. Ne4 1-0

[Event "Brighton"]
[Site "Brighton"]
[Date "1979.??.??"]
[Round "?"]
[White "Goodman, David SC"]
[Black "Chandler, Murray G"]
[Result "1-0"]
[WhiteElo "2340"]
[BlackElo "2380"]
[PlyCount "71"]
[EventDate "1979.12.??"]
[Source "ChessBase"]

1. d4 Nf6 2. c4 g6 3. d5 c6 4. Nc3 Bg7 5. e4 d6 6. Nf3 Nbd7 7. Nd4 Nc5 8. f3 Qb6 9. Rb1 a5 10. Be3 O-O 11. Be2 Qc7 12. O-O e6 13. Qd2 Re8 14. Kh1 Bd7 15. dxe6 fxe6 16. Rbd1 b6 17. Nb3 Nb7 18. f4 Red8 19. Qe1 a4 20. Nd2 Be8 21. Bf3 Bf7 22. Qh4 Re8 23. e5 dxe5 24. fxe5 Nd7 25. Nde4 Nxe5 26. Nf6+ Bxf6 27. Qxf6 Nxf3 28. Rxf3 e5 29. Ne4 Bxc4 30. Qh4 Bd5 31. Nf6+ Kh8 32. Nxe8 Rxe8 33. Qf6+ Kg8 34. Rxd5 e4 35. Rf1 cxd5 36. Bd4 1-0

[Event "JUG Team Ch"]
[Site "Zlatibor"]
[Date "1989.??.??"]
[Round "?"]
[White "Jacimovic, Dragoljub"]
[Black "Bogdanovic, Rajko"]
[Result "1-0"]
[WhiteElo "2400"]
[BlackElo "2315"]
[PlyCount "73"]
[EventDate "1989.??.??"]
[Source "www.chesslib.no"]
[SourceDate "2004.05.04"]

1. d4 Nf6 2. c4 g6 3. d5 Bg7 4. Nc3 d6 5. e4 c6 6. Nf3 O-O 7. Be2 Nbd7 8. O-O Nc5 9. Qc2 cxd5 10. cxd5 Bd7 11. Be3 Rc8 12. Nd2 b5 13. a3 a5 14. Qb1 b4 15. axb4 axb4 16. Na2 Rb8 17. f3 Ne8 18. Nc1 Na4 19. Ra2 f5 20. Qc2 Qc8 21. Nc4 fxe4 22. fxe4 Rxf1+ 23. Bxf1 Nc5 24. b3 Nf6 25. Bd3 Ng4 26. Qe2 Bb5 27. Rc2 Nxe3 28. Qxe3 Qa6 29. Ra2 Qc8 30. Rc2 Qg4 31. g3 Qd1+ 32. Kg2 Rf8 33. e5 Bh6 34. Qe2 Qxe2+ 35. Bxe2 Bxc1 36. exd6 exd6 37. Rxc1 1-0

[Event "FRA Ch"]
[Site "Val Thorens FRA"]
[Date "1988.??.??"]
[Round "1"]
[White "Andruet, Gilles"]
[Black "Vareille, Francois"]
[Result "1-0"]
[WhiteElo "2430"]
[BlackElo "2280"]
[PlyCount "77"]
[EventDate "1988.??.??"]
[Source "www.chesslib.no"]
[SourceDate "2004.05.04"]

1. d4 Nf6 2. c4 g6 3. d5 c6 4. Nc3 cxd5 5. cxd5 Bg7 6. e4 O-O 7. Nf3 d6 8. h3 e5 9. Be3 a6 10. Nd2 Nbd7 11. Be2 h6 12. g4 b5 13. h4 Ne8 14. h5 f5 15. exf5 gxf5 16. gxf5 Ndf6 17. Bd3 Kh8 18. Qf3 Bb7 19. a3 Rc8 20. Ndb1 Qd7 21. Rg1 Qf7 22. Rg6 Nxd5 23. Nxd5 Bxd5 24. Qg3 Bc4 25. Bxc4 bxc4 26. Bxh6 Rg8 27. Nc3 Qxf5 28. O-O-O Rc7 29. Rg1 Kh7 30. Be3 Rf8 31. h6 Bh8 32. Qh4 Bf6 33. Qg3 Rcf7 34. Qg2 Bh8 35. Rg3 Nf6 36. Rg5 Qd3 37. Rg7+ Bxg7 38. hxg7 Rg8 39. Rh1+ 1-0

[Event "Stepanov mem op"]
[Site "?"]
[Date "2001.??.??"]
[Round "?"]
[White "Demchenko Anton"]
[Black "Gukasian Rudolf"]
[Result "1/2-1/2"]
[WhiteElo "2294"]
[BlackElo "2411"]
[PlyCount "35"]
[EventDate "2001.??.??"]
[Source "www.chesslib.no"]
[SourceDate "2004.05.04"]

1. d4 g6 2. c4 Nf6 3. d5 c6 4. Nc3 cxd5 5. cxd5 d6 6. e4 Bg7 7. Nf3 O-O 8. Be2 Nbd7 9. Be3 Nc5 10. Nd2 a5 11. O-O Bd7 12. e5 Ne8 13. Bxc5 dxc5 14. f4 a4 15. Rc1 b6 16. Nde4 Nc7 17. d6 exd6 18. Qxd6 1/2-1/2

[Event "Matra Open"]
[Site "Matra"]
[Date "1993.??.??"]
[Round "?"]
[White "Kaposztas, Miklos"]
[Black "Berebora, Ferenc"]
[Result "1/2-1/2"]
[WhiteElo "2265"]
[BlackElo "2425"]
[PlyCount "151"]
[EventDate "1993.??.??"]
[Source "www.chesslib.no"]
[SourceDate "2004.05.04"]

1. d4 Nf6 2. c4 g6 3. d5 c6 4. Nc3 cxd5 5. cxd5 Bg7 6. e4 O-O 7. Nge2 b5 8. a3 a6 9. Ng3 d6 10. Be2 Nbd7 11. O-O Nb6 12. Bf4 Nc4 13. Qb3 Nd7 14. Rac1 Nc5 15. Qa2 e5 16. dxe6 Bxe6 17. Qb1 Qf6 18. Be3 Nxe3 19. fxe3 Qg5 20. Rf3 Na4 21. Nxa4 bxa4 22. Nf1 Rfb8 23. Rc2 Qe5 24. Rf2 Rxb2 25. Rxb2 Qxb2 26. Qd3 Qb3 27. Qxd6 Bf8 28. Qc6 Rc8 29. Qxa6 Rc1 30. Rf3 Bg4 31. Rf2 Bxe2 32. Rxe2 Bxa3 33. Kf2 Be7 34. Nd2 Qd1 35. Qa7 Bd6 36. e5 Bxe5 37. Kf3 Qh1 38. Ke4 Bxh2 39. Qxa4 Bc7 40. Nf3 Qh5 41. Qa8+ Kg7 42. Qd5 Qg4+ 43. Kd3 Qc8 44. Nd4 Bd8 45. Rc2 Rxc2 46. Nxc2 Bf6 47. Qc4 Qb7 48. Qe4 Qb1 49. Ke2 h5 50. Qc6 Qg1 51. Ne1 Bh4 52. Nd3 Qa1 53. Qd5 Qb1 54. Qd4+ Bf6 55. Qb4 Qc2+ 56. Qd2 Qc8 57. Nf2 Qc6 58. Kf1 Be5 59. Nd1 g5 60. e4 Qc4+ 61. Qe2 Qxe2+ 62. Kxe2 Bd4 63. Kd3 Ba7 64. e5 Kg6 65. Ke4 Bg1 66. Nc3 Bh2 67. Nd5 g4 68. Nf6 Bg3 69. Nd5 h4 70. Nf6 Kg5 71. Nh7+ Kg6 72. Nf6 h3 73. gxh3 gxh3 74. Kf3 Bxe5 75. Ng4 f6 76. Kf2 1/2-1/2

[Event "Szekszard op"]
[Site "?"]
[Date "1996.??.??"]
[Round "9"]
[White "Horvath Julia"]
[Black "Feher Gyula"]
[Result "0-1"]
[WhiteElo "2275"]
[BlackElo "2395"]
[PlyCount "118"]
[EventDate "1996.??.??"]
[Source "www.chesslib.no"]
[SourceDate "2004.05.04"]

1. d4 Nf6 2. c4 g6 3. d5 b5 4. a4 bxc4 5. Nc3 Bg7 6. e4 d6 7. Bxc4 O-O 8. Nf3 c5 9. h3 Na6 10. O-O Nb4 11. Nd2 e6 12. dxe6 Bxe6 13. Bxe6 fxe6 14. Qb3 d5 15. exd5 exd5 16. Nde4 Nxe4 17. Nxe4 Qe7 18. Ng5 c4 19. Qd1 Nd3 20. Ra3 Rf5 21. Nf3 Raf8 22. Rxd3 cxd3 23. Qxd3 Qb4 24. b3 Rb8 25. g4 Rf7 26. Ng5 Rd7 27. Qa6 Qb6 28. Qe2 h6 29. Nf3 Rf7 30. g5 Qxb3 31. Kg2 h5 32. Rd1 Rbf8 33. Rd3 Qxa4 34. Ba3 Qe4 35. Re3 Rxf3 36. Rxe4 Rxf2+ 37. Qxf2 Rxf2+ 38. Kxf2 dxe4 39. Ke3 Kf7 40. Kxe4 Ke6 41. Bb4 Be5 42. Ba5 Bg3 43. Bb4 Bc7 44. Bd2 Bb6 45. Bb4 a5 46. Ba3 Bd8 47. Bc1 Be7 48. Bd2 Bb4 49. Be3 a4 50. Kd4 Kf5 51. Kc4 Be7 52. Bc1 a3 53. Kb3 Ke4 54. h4 Kf5 55. Bd2 Kg4 56. Be1 Bd6 57. Bf2 Bg3 58. Bc5 Bxh4 59. Bxa3 Bxg5 0-1

[Event "Staufer op 11th"]
[Site "Schwaebisch Gmuend"]
[Date "1999.??.??"]
[Round "9"]
[White "Lainburg, Victor"]
[Black "Pribyl, Josef"]
[Result "0-1"]
[WhiteElo "2230"]
[BlackElo "2430"]
[PlyCount "86"]
[EventDate "1999.01.02"]
[Source "ChessBase"]
[SourceDate "1999.03.01"]

1. d4 Nf6 2. c4 g6 3. d5 c6 4. Nc3 cxd5 5. cxd5 Qa5 6. g3 b5 7. b4 Qxb4 8. Bd2 Ne4 9. Qb3 Qxb3 10. axb3 Bg7 11. Rc1 Nxc3 12. Bxc3 O-O 13. Bxg7 Kxg7 14. e4 b4 15. Bc4 Ba6 16. Ne2 Rc8 17. Bxa6 Rxc1+ 18. Nxc1 Nxa6 19. Nd3 Rc8 20. Kd2 Nc5 21. Nxc5 Rxc5 22. f4 f5 23. Re1 Kf7 24. d6 exd6 25. exf5 gxf5 26. Ra1 a5 27. Kd3 h5 28. Kd4 Ke7 29. Ra2 Kd8 30. h3 Ke7 31. Re2+ Kf7 32. Ra2 Kf6 33. Ke3 Rc3+ 34. Kf2 Rxb3 35. Rxa5 Rc3 36. Rb5 b3 37. Kg2 Ke6 38. Kf2 d5 39. Rb6+ d6 40. Rb4 Kd7 41. Kg2 Kc6 42. g4 hxg4 43. hxg4 fxg4 0-1

[Event "Alicante op2"]
[Site "Alicante ESP"]
[Date "1989.??.??"]
[Round "?"]
[White "Sarmiento Alfonso, Braulio Alfonso"]
[Black "Bofill Mas, Alejandro"]
[Result "0-1"]
[WhiteElo "2280"]
[BlackElo "2375"]
[PlyCount "48"]
[EventDate "1989.??.??"]
[Source "www.chesslib.no"]
[SourceDate "2004.05.04"]

1. d4 Nf6 2. c4 g6 3. d5 Bg7 4. Nc3 c6 5. g3 b5 6. dxc6 bxc4 7. cxd7+ Nbxd7 8. Bg2 Rb8 9. Nf3 Bb7 10. O-O O-O 11. Qa4 Qc8 12. Rb1 Ne4 13. Nd2 Nxc3 14. bxc3 Bxg2 15. Rxb8 Qxb8 16. Kxg2 Nb6 17. Qb4 Qe5 18. e3 Rd8 19. Nb1 Qe4+ 20. Kg1 Rd3 21. Ba3 Bf6 22. Qb5 h5 23. Qe8+ Kg7 24. h4 Nd7 0-1

[Event "Politiken Cup"]
[Site "Copenhagen DEN"]
[Date "1982.??.??"]
[Round "7"]
[White "Brondum, Eric"]
[Black "Moe, Mogens"]
[Result "1/2-1/2"]
[WhiteElo "2275"]
[BlackElo "2365"]
[PlyCount "86"]
[EventDate "1982.06.??"]
[Source "www.chesslib.no"]
[SourceDate "2004.05.04"]

1. d4 Nf6 2. c4 g6 3. d5 d6 4. Nc3 Bg7 5. Nf3 O-O 6. e4 Ne8 7. Be2 c6 8. O-O cxd5 9. cxd5 Nd7 10. Be3 Ne5 11. Nd4 f5 12. f4 Nf7 13. exf5 gxf5 14. Bd3 Nh6 15. h3 Kh8 16. Rc1 Rf6 17. Bf2 e5 18. dxe6 Bxe6 19. Nxe6 Rxe6 20. Qb3 d5 21. Ne2 Rg6 22. Nd4 Nd6 23. Qxd5 Ndf7 24. Bc4 Rd6 25. Qxb7 Bxd4 26. Bxd4+ Rxd4 27. Bxf7 Rd7 28. Qc6 Nxf7 29. Qc3+ Kg8 30. Rf3 Nh8 31. Kh2 Ng6 32. Qb3+ Kg7 33. Rc6 Qh4 34. Qc3+ Kh6 35. Rf6 Rf8 36. Ra6 Rff7 37. Rc6 Rd1 38. a4 Qe1 39. Rxg6+ hxg6 40. Qh8+ Rh7 41. Qf8+ Kh5 42. g4+ fxg4 43. Qc5+ Kh6 1/2-1/2

[Event "XIX Czech Chladek & Tintera A Open"]
[Site "Pardubice CEC"]
[Date "2008.07.24"]
[Round "7"]
[White "Kozlov, Ge"]
[Black "Schwarz, Du"]
[Result "1/2-1/2"]
[WhiteElo "2258"]
[BlackElo "2378"]
[PlyCount "105"]
[EventDate "2008.07.18"]
[Source "www.chesslib.no"]
[SourceDate "2004.05.04"]

1. d4 Nf6 2. c4 g6 3. d5 c6 4. Nc3 d6 5. e4 Bg7 6. Nf3 O-O 7. Be2 Bg4 8. O-O Nbd7 9. Be3 a6 10. Nd4 Bxe2 11. Qxe2 c5 12. Nb3 Rb8 13. a4 Ne8 14. f4 Nc7 15. a5 f5 16. e5 Ne8 17. Na4 Qc7 18. e6 Ndf6 19. Nb6 Rd8 20. Bd2 Ne4 21. Nd7 Rxd7 22. exd7 Qxd7 23. Ra2 N8f6 24. Qd3 e6 25. Bc3 Nxc3 26. dxe6 Qxe6 27. bxc3 Ne4 28. Rc2 Rd8 29. Rd1 Qf6 30. Qd5+ Kh8 31. Rd3 Qe7 32. Re3 Qc7 33. Qd1 h5 34. Rd3 Qf7 35. Nd2 Nxd2 36. Rcxd2 Qxc4 37. Rxd6 Rxd6 38. Rxd6 Kh7 39. Qd3 Qxf4 40. Rd7 Qc1+ 41. Kf2 Kh6 42. Qe3+ Qxe3+ 43. Kxe3 Bxc3 44. Rxb7 Bxa5 45. Ra7 Bc3 46. Rxa6 Be5 47. h3 h4 48. Rc6 Bd4+ 49. Kf4 Bg1 50. Rc8 Bf2 51. Kf3 Bd4 52. Kf4 Bf2 53. Kf3 1/2-1/2

[Event "Schoeneck Open"]
[Site "Schoeneck"]
[Date "1988.??.??"]
[Round "8"]
[White "Alber, Horst"]
[Black "Roeschlau, Bernd"]
[Result "1/2-1/2"]
[WhiteElo "2350"]
[BlackElo "2285"]
[PlyCount "51"]
[EventDate "1988.??.??"]
[Source "www.chesslib.no"]
[SourceDate "2004.05.04"]

1. d4 Nf6 2. c4 g6 3. d5 Bg7 4. Nc3 c6 5. e4 Qa5 6. Bd2 Qb6 7. e5 Ng8 8. Nf3 f6 9. h4 fxe5 10. h5 gxh5 11. Nxe5 Nf6 12. Ne4 Nxe4 13. Qxh5+ Kd8 14. Nf7+ Kc7 15. d6+ exd6 16. Ba5 Re8 17. O-O-O Bxb2+ 18. Kc2 Be5 19. Bxb6+ axb6 20. Bd3 Rxa2+ 21. Kb3 Rb2+ 22. Ka3 Nc5 23. Rhe1 Rb3+ 24. Ka2 Rb2+ 25. Ka3 Rb3+ 26. Ka2 1/2-1/2

[Event "otb"]
[Site "otb"]
[Date "2007.03.20"]
[Round "2"]
[White "Sampaoli Cristia"]
[Black "Lemos Damian"]
[Result "0-1"]
[WhiteElo "2192"]
[BlackElo "2439"]
[PlyCount "70"]
[Source "www.chesslib.no"]
[SourceDate "2004.05.04"]

1. d4 Nf6 2. c4 g6 3. d5 Bg7 4. Nc3 O-O 5. e4 d6 6. Bd3 Na6 7. Nge2 c6 8. O-O Nc5 9. Bc2 a5 10. h3 cxd5 11. exd5 e6 12. Rb1 exd5 13. cxd5 Re8 14. Be3 Bd7 15. Nd4 Nfe4 16. Nxe4 Nxe4 17. Bxe4 Rxe4 18. b4 Qe8 19. bxa5 Rxe3 20. fxe3 Qxe3+ 21. Kh1 Qxd4 22. Rxb7 Bf5 23. a6 Be5 24. Qxd4 Bxd4 25. Rf4 Bc5 26. g4 Bd3 27. Rfxf7 Be4+ 28. Kh2 Bxd5 29. Rg7+ Kf8 30. Rxh7 Bd4 31. Rbc7 Kg8 32. Rhe7 Bf6 33. Red7 Be6 34. Ra7 Be5+ 35. Kg2 Rf8 0-1

[Event "Bergen Enkheim"]
[Site "Bergen Enkheim"]
[Date "1997.??.??"]
[Round "4"]
[White "Alber, Horst"]
[Black "Bewersdorff, Oliver"]
[Result "1/2-1/2"]
[WhiteElo "2260"]
[BlackElo "2370"]
[PlyCount "50"]
[EventDate "1997.??.??"]
[Source "www.chesslib.no"]
[SourceDate "2004.05.04"]

1. d4 Nf6 2. c4 g6 3. d5 c6 4. Nc3 cxd5 5. cxd5 d6 6. g3 Bg7 7. Bg2 O-O 8. e4 Na6 9. Nge2 Bd7 10. O-O Qa5 11. h3 Rfc8 12. Be3 Nc5 13. a3 Na4 14. Qd2 Nxc3 15. Nxc3 Ne8 16. Rfc1 Qd8 17. Bf1 Nc7 18. b4 Qe8 19. Rab1 Nb5 20. Nxb5 Bxb5 21. Rxc8 Rxc8 22. Bxb5 Qxb5 23. Rc1 Qd7 24. Rxc8+ Qxc8 25. Bxa7 Qc4 1/2-1/2

[Event "Wysowa"]
[Site "?"]
[Date "2003.09.12"]
[Round "9"]
[White "Markiewicz Jerzy"]
[Black "Walach Marcin"]
[Result "1/2-1/2"]
[WhiteElo "2316"]
[BlackElo "2296"]
[PlyCount "86"]
[EventDate "2003.??.??"]
[Source "www.chesslib.no"]
[SourceDate "2004.05.04"]

1. d4 Nf6 2. c4 g6 3. d5 Bg7 4. Nc3 O-O 5. e4 d6 6. Nf3 Nbd7 7. Bd3 a5 8. O-O e5 9. Nd2 Nh5 10. g3 Nc5 11. Be2 Bh3 12. Re1 f5 13. Bf1 Bxf1 14. Rxf1 Qe8 15. f3 Nd3 16. Qe2 Nxc1 17. Raxc1 Bh6 18. Rc2 b6 19. Nd1 Nf6 20. Ne3 f4 21. Ng4 Nxg4 22. fxg4 fxg3 23. Rxf8+ Qxf8 24. hxg3 Bxd2 25. Rxd2 Qh6 26. Kg2 Rf8 27. Rd1 Qg5 28. b3 Kg7 29. Rh1 Rf6 30. Rb1 h5 31. gxh5 gxh5 32. Rh1 Rg6 33. Rh3 h4 34. Qf2 Rf6 35. Qe2 Rf4 36. Kh2 Rg4 37. Rxh4 Rxh4+ 38. gxh4 Qxh4+ 39. Kg2 Kg6 40. Qf3 Qg5+ 41. Qg3 Qxg3+ 42. Kxg3 Kg5 43. a3 Kh5 1/2-1/2

[Event "Elekes mem-B"]
[Site "Budapest HUN"]
[Date "1983.??.??"]
[Round "?"]
[White "Jenei, Ferenc"]
[Black "Lanc, Alois"]
[Result "0-1"]
[WhiteElo "2200"]
[BlackElo "2410"]
[PlyCount "100"]
[EventDate "1983.07.??"]
[Source "www.chesslib.no"]
[SourceDate "2004.05.04"]

1. d4 Nf6 2. c4 g6 3. d5 Bg7 4. Nc3 d6 5. e4 O-O 6. Nge2 c6 7. Ng3 a6 8. Be2 b5 9. dxc6 b4 10. Nd5 Nxc6 11. O-O a5 12. Be3 Nd7 13. Qd2 Bb7 14. Bh6 Bxh6 15. Qxh6 e6 16. Ne3 Qf6 17. b3 Nd4 18. Rad1 e5 19. Bg4 Nc5 20. Nef5 Nxe4 21. Nxe4 Bxe4 22. Nxd4 exd4 23. Qd2 h5 24. Qxd4 Qxd4 25. Rxd4 hxg4 26. Rxe4 Rfe8 27. Rfe1 Rxe4 28. Rxe4 a4 29. g3 axb3 30. axb3 Ra3 31. Re3 Kf8 32. Kg2 Ra2 33. Kf1 Rb2 34. Ke1 g5 35. Kf1 f5 36. Rd3 Ke7 37. Kg1 Ke6 38. Re3+ Kf6 39. Kg2 Rd2 40. Kf1 f4 41. gxf4 gxf4 42. Re1 Rd3 43. Rb1 Ke5 44. Kg2 Kd4 45. Re1 Rxb3 46. Re6 Rb1 47. Rxd6+ Kxc4 48. Rf6 f3+ 49. Kg3 Rg1+ 50. Kh4 b3 0-1

[Event "SVK Ch"]
[Site "Trnava SVK"]
[Date "1988.??.??"]
[Round "2"]
[White "Petran, Peter"]
[Black "Certek, Pavel"]
[Result "1-0"]
[WhiteElo "2335"]
[BlackElo "2260"]
[PlyCount "113"]
[EventDate "1988.??.??"]
[Source "www.chesslib.no"]
[SourceDate "2004.05.04"]

1. d4 Nf6 2. c4 g6 3. d5 Bg7 4. Nc3 c6 5. g3 d6 6. Bg2 O-O 7. e4 Nbd7 8. Nge2 Ne5 9. b3 Bg4 10. h3 Bf3 11. O-O Nfd7 12. Be3 c5 13. Rc1 a6 14. a4 Qa5 15. Qc2 h6 16. Kh1 g5 17. Ng1 Bxg2+ 18. Kxg2 Ng6 19. Bd2 Qc7 20. Nge2 Kh8 21. Kh2 Rg8 22. f4 gxf4 23. gxf4 Nh4 24. Be1 Bf6 25. Bxh4 Bxh4 26. Rg1 Nf6 27. Qd3 Bf2 28. Rg2 Rxg2+ 29. Kxg2 Bh4 30. Qf3 Rg8+ 31. Kh2 Qb8 32. Rg1 Kh7 33. Ng3 e6 34. Nce2 b5 35. dxe6 fxe6 36. cxb5 axb5 37. Qd3 e5 38. fxe5 dxe5 39. axb5 Qc7 40. Nf5 Rxg1 41. Kxg1 Qa7 42. Kg2 c4 43. Qf3 cxb3 44. Nxh4 Qg7+ 45. Kh2 b2 46. Nc3 Qg5 47. Qf5+ Kg7 48. Qxg5+ hxg5 49. Nf5+ Kf7 50. b6 Nxe4 51. Nb1 Nc5 52. Nd6+ Ke6 53. Nc4 Nd7 54. b7 Nb8 55. Nxb2 Kd5 56. Nd3 Kc6 57. Kg3 1-0

[Event "IND Ch A women"]
[Site "?"]
[Date "2003.11.20"]
[Round "17"]
[White "Harika Dronavalli"]
[Black "Karavade Eesha"]
[Result "1/2-1/2"]
[WhiteElo "2353"]
[BlackElo "2211"]
[PlyCount "30"]
[EventDate "2003.??.??"]
[Source "www.chesslib.no"]
[SourceDate "2004.05.04"]

1. d4 Nf6 2. c4 g6 3. d5 Bg7 4. Nc3 d6 5. g3 O-O 6. Bg2 e6 7. Nf3 exd5 8. cxd5 Re8 9. O-O Nbd7 10. Be3 Ng4 11. Bd4 Nge5 12. e4 Nf8 13. Nxe5 dxe5 14. Be3 Bd7 15. Qd2 c6 1/2-1/2

[Event "Gyor Matrai Nyar op"]
[Site "Gyor"]
[Date "1997.??.??"]
[Round "4"]
[White "Olah, Zsigmond"]
[Black "Szekeres, Sandor"]
[Result "1/2-1/2"]
[WhiteElo "2200"]
[BlackElo "2225"]
[PlyCount "91"]
[EventDate "1997.??.??"]
[Source "www.chesslib.no"]
[SourceDate "2004.05.04"]

1. d4 Nf6 2. c4 g6 3. d5 c6 4. Nc3 cxd5 5. cxd5 d6 6. e4 Bg7 7. Nf3 Nbd7 8. Be2 O-O 9. O-O Nc5 10. Qc2 Bd7 11. Be3 Rc8 12. Qb1 Ng4 13. Bd4 Ne5 14. Nxe5 dxe5 15. Be3 a6 16. Qd1 b5 17. b4 Nb7 18. Qd2 Nd6 19. f3 a5 20. a3 axb4 21. axb4 Ra8 22. Bc5 Qc7 23. Rfb1 Rfc8 24. Rxa8 Rxa8 25. Qc1 Bf8 26. Ra1 Rxa1 27. Qxa1 e6 28. Qa6 exd5 29. Nxd5 Qc6 30. Qa7 Kg7 31. Qb8 Be6 32. Bxb5 Qxb5 33. Bxd6 Qxb8 34. Bxb8 Bxd5 35. exd5 Bxb4 36. Bxe5+ f6 37. Bc7 Kf7 38. Kf1 Ke7 39. Bg3 Bd6 40. f4 f5 41. Ke2 Bc5 42. Kd3 Kd6 43. Kc4 Be3 44. h3 Bd2 45. Bh2 Be3 46. Bg3 1/2-1/2

[Event "SVK-ch"]
[Site "Piestany"]
[Date "1985.??.??"]
[Round "5"]
[White "Ac, Michal"]
[Black "Certek, Pavel"]
[Result "0-1"]
[WhiteElo "2200"]
[BlackElo "2200"]
[PlyCount "81"]
[EventDate "1985.??.??"]
[Source "ChessBase"]

1. d4 Nf6 2. c4 g6 3. d5 d6 4. Nc3 c6 5. e4 Bg7 6. Be2 Nbd7 7. Be3 Qa5 8. Qd2 Nc5 9. Rb1 Nfxe4 10. Nxe4 Qxa2 11. Bd3 Nxe4 12. Bxe4 Qxc4 13. Bf3 Qa2 14. Rc1 c5 15. b4 Qxd2+ 16. Kxd2 cxb4 17. Ne2 h5 18. Bxa7 Bf5 19. Bd4 Ra2+ 20. Kd1 Be5 21. Bxe5 dxe5 22. Ng3 Kd7 23. Re1 Kd6 24. Re2 b3 25. Rxa2 bxa2 26. Nxf5+ gxf5 27. h4 e4 28. Be2 f4 29. Ra1 Rg8 30. Rxa2 Rxg2 31. Bxh5 f5 32. Ke2 Rh2 33. Kf1 Rxh4 34. Bf7 f3 35. Kg1 Rg4+ 36. Kf1 Rg2 37. Ra4 Kc5 38. Be6 b5 39. Ra7 f4 40. Rxe7 e3 41. fxe3 0-1

[Event "Santiago zt 2.5 (Women)"]
[Site "?"]
[Date "2003.??.??"]
[Round "6"]
[White "Steffen Renate"]
[Black "Lujan Maria Carolina"]
[Result "0-1"]
[WhiteElo "2058"]
[BlackElo "2293"]
[PlyCount "52"]
[EventDate "2003.??.??"]
[Source "www.chesslib.no"]
[SourceDate "2004.05.04"]

1. d4 Nf6 2. c4 g6 3. d5 d6 4. Nc3 Bg7 5. e4 c6 6. Be3 a6 7. a4 Qa5 8. f3 O-O 9. Rb1 cxd5 10. cxd5 Qd8 11. Bc4 Nbd7 12. Nge2 Ne5 13. Bb3 b5 14. axb5 axb5 15. O-O Ba6 16. Na2 Qa5 17. Ra1 b4 18. Nac3 Qc7 19. Na4 Rfb8 20. Rc1 Qd8 21. Rc2 Bb5 22. Rd2 Bxa4 23. Bxa4 Nc4 24. Rd3 Nxb2 25. Qb3 Nxd3 26. Nd4 Nc5 0-1

[Event "Harkany Tenkes Cup"]
[Site "Harkany"]
[Date "2000.11.16"]
[Round "1"]
[White "Csala, Imre"]
[Black "Talaber, Istvan"]
[Result "1-0"]
[WhiteElo "2275"]
[BlackElo "2041"]
[PlyCount "61"]
[EventDate "2000.11.16"]
[Source "ChessBase"]
[SourceDate "2001.01.11"]

1. d4 Nf6 2. c4 g6 3. d5 d6 4. Nc3 Bg7 5. e4 O-O 6. Bd3 c6 7. Nge2 e6 8. O-O Re8 9. h3 e5 10. Ng3 a5 11. Be3 c5 12. Nb5 Na6 13. a3 Qe7 14. Bd2 b6 15. f4 Nd7 16. f5 Nf6 17. Qf3 Bd7 18. Bg5 Rf8 19. Qe3 Bxb5 20. cxb5 Nb8 21. Rf3 Nbd7 22. Nf1 Rfc8 23. Nd2 Ra7 24. Raf1 Qf8 25. fxg6 fxg6 26. Qf2 Qe7 27. Bxf6 Bxf6 28. Rxf6 Nxf6 29. Qxf6 Qc7 30. Nc4 Rd8 31. Be2 1-0

[Event "Belgrade SCG"]
[Site "?"]
[Date "2005.08.19"]
[Round "5"]
[White "Jakovljevic Zi"]
[Black "Sarenac David"]
[Result "1-0"]
[WhiteElo "2211"]
[BlackElo "2071"]
[PlyCount "90"]
[EventDate "2005.??.??"]
[Source "www.chesslib.no"]
[SourceDate "2004.05.04"]

1. d4 Nf6 2. c4 g6 3. d5 c6 4. f3 d6 5. e4 Bg7 6. Nc3 O-O 7. Bd3 Nbd7 8. Nge2 Ne5 9. O-O Qb6+ 10. Kh1 Nfd7 11. b3 Nxd3 12. Qxd3 Ne5 13. Qc2 f5 14. Bg5 Rf7 15. Rad1 h6 16. Bc1 Bd7 17. Na4 Qa6 18. f4 Nxc4 19. e5 cxd5 20. e6 Bxe6 21. bxc4 dxc4 22. Be3 b5 23. Nac3 Bd7 24. Bd4 b4 25. Bxg7 Rxg7 26. Nd5 Ba4 27. Qd2 Bxd1 28. Rxd1 c3 29. Qe3 Qb7 30. Qe6+ Kh7 31. Rb1 Qc8 32. Qe3 Qc5 33. Qd3 a5 34. h3 e6 35. Nf6+ Kh8 36. Nd4 Re7 37. Re1 e5 38. Nb3 Qc6 39. Nd5 Ree8 40. Nf6 Rf8 41. Nd5 Qa6 42. Qg3 g5 43. fxg5 Qb5 44. gxh6 Rg8 45. Qd3 e4 1-0